Quick Pick: Measuring Chemicals Quiz Stats

 Plays Quiz Updated May 17, 2019

Score 0/10 Timer 01:30
0 Plays Today
% Correct
Boiling point
86.8%
Density
77.9%
Half life
75.4%
Hardness
73.4%
Specific heat capacity
68%
Elasticity
67.4%
Refractive index
64.2%
Color
62.2%
Temperature
48.8%
Pressure
34.4%

Today's Daily Dose

Missing Word
Banned Books (A-Z)

Word Ladder
Janis Joplin

Get the Picture
Occupations

You're not logged in!

Compare scores with friends on all Sporcle quizzes.
OR
Log In

Sporcle TV

Today on Sporcle TV


Watch our educational content, quiz creation guides, and fun videos on Sporcle TV.

Show Comments

Extras

Top Quizzes Today


Score Distribution

Your Account Isn't Verified!

In order to create a playlist on Sporcle, you need to verify the email address you used during registration. Go to your Sporcle Settings to finish the process.

Report this User

Report this user for behavior that violates our Community Guidelines.

Details: